Religión mayoritaria por país - Estadísticas

Estadísticas generales
  • Esta prueba ha sido intentada 200 veces
  • La puntuación promedio es 43 de 194
Estadísticas de respuestas
País Religión % Correcto
Afganistán Musulmanes sunitas
83%
Albania Musulmanes sunitas
73%
Andorra Católicos
66%
Argentina Católicos
60%
Arabia Saudí Musulmanes sunitas
54%
Argelia Musulmanes sunitas
54%
Angola Católicos
48%
Austria Católicos
47%
Bélgica Católicos
46%
Bolivia Católicos
43%
Brasil Católicos
43%
Ciudad del Vaticano Católicos
43%
Colombia Católicos
43%
España Católicos
43%
Chile Católicos
41%
Costa Rica Católicos
40%
Cuba Católicos
40%
El Salvador Católicos
40%
Ecuador Católicos
39%
Francia Católicos
39%
Croacia Católicos
38%
Alemania Luteranos
38%
Canadá Católicos
37%
Guatemala Católicos
37%
Egipto Musulmanes sunitas
37%
Emiratos Arabes Unidos Musulmanes sunitas
37%
Catar Musulmanes sunitas
36%
Belice Católicos
35%
Filipinas Católicos
35%
Italia Católicos
35%
México Católicos
35%
Eslovaquia Católicos
34%
Eslovenia Católicos
34%
Irlanda Católicos
34%
Honduras Católicos
33%
Luxemburgo Católicos
33%
Perú Católicos
33%
Portugal Católicos
33%
Azerbayan Musulmanes Chiítas
33%
Barein Musulmanes Chiítas
33%
Bangladés Musulmanes sunitas
33%
Cabo Verde Católicos
32%
Paraguay Católicos
32%
Polonia Católicos
32%
Bosnia y Herzegovina Musulmanes sunitas
32%
Chad Musulmanes sunitas
31%
Australia Anglicanos
30%
Brunei Musulmanes sunitas
30%
China Agnosticismo
29%
Jordania Musulmanes sunitas
29%
Kuwait Musulmanes sunitas
29%
Bielorrusia Ortodoxos rusos
29%
Corea del Norte Agnosticismo
28%
Benin Católicos
28%
Dominica Católicos
28%
Guinea Ecuatorial Católicos
28%
Haití Católicos
28%
Hungría Católicos
28%
Malta Católicos
28%
Mónaco Católicos
28%
Israel Judíos
28%
Marruecos Musulmanes sunitas
28%
Rusia Ortodoxos rusos
28%
Liechtenstein Católicos
27%
Panamá Católicos
27%
Irak Musulmanes Chiítas
27%
Irán Musulmanes Chiítas
27%
Comoras Musulmanes sunitas
27%
Grecia Ortodoxos griegos
27%
Reino Unido Anglicanos
26%
Gabón Católicos
26%
Nicaragua Católicos
26%
República Dominicana Católicos
26%
San Marino Católicos
26%
India Hinduístas
26%
Indonesia Musulmanes sunitas
26%
Kazajistán Musulmanes sunitas
26%
Kirguistán Musulmanes sunitas
26%
Libia Musulmanes sunitas
26%
Mali Musulmanes sunitas
26%
Pakistán Musulmanes sunitas
26%
Burundi Católicos
25%
Camerún Católicos
25%
Burkina Faso Musulmanes sunitas
25%
Costa de Marfil Musulmanes sunitas
25%
Líbano Musulmanes sunitas
25%
Lituania Católicos
24%
Uruguay Católicos
24%
Venezuela Católicos
24%
Gambia Musulmanes sunitas
24%
Mauritania Musulmanes sunitas
24%
Corea del Sur Agnosticismo
23%
Antigua y Barbuda Evangélicos
23%
Malasia Musulmanes sunitas
23%
Maldivas Musulmanes sunitas
23%
Níger Musulmanes sunitas
23%
Nigeria Musulmanes sunitas
23%
Siria Musulmanes sunitas
23%
Granada Católicos
21%
Suiza Católicos
21%
Mozambique Católicos
20%
Dinamarca Luteranos
20%
Senegal Musulmanes sunitas
20%
Estonia Agnosticismo
19%
Armenia Apostólicos armenios
19%
República del Congo Católicos
19%
Somalia Musulmanes sunitas
19%
Bulgaria Ortodoxos búlgaros
19%
República Democrática del Congo Católicos
18%
Finlandia Luteranos
18%
Guinea Bissau Musulmanes sunitas
18%
Sudán Musulmanes sunitas
18%
Túnez Musulmanes sunitas
18%
Turkmenistán Musulmanes sunitas
18%
Turquía Musulmanes sunitas
18%
Uzbekistán Musulmanes sunitas
18%
Yemen Musulmanes sunitas
18%
Santo Tomé y Príncipe Católicos
17%
Yibuti Musulmanes sunitas
17%
Estados Unidos Protestantes
17%
Barbados Anglicanos
16%
Camboya Budistas Theravada
16%
Malawi Católicos
16%
Guinea Musulmanes sunitas
16%
Georgia Ortodoxos georgianos
16%
Micronesia Católicos
15%
Rwanda Católicos
15%
Países Bajos Agnosticismo
14%
Uganda Católicos
14%
Islandia Luteranos
14%
Noruega Luteranos
14%
Tayikistán Musulmanes sunitas
14%
Japón Sintoístas
14%
Nueva Zelanda Agnosticismo
13%
República Checa Agnosticismo
13%
Botswana Anglicanos
13%
Birmania Budistas Theravada
13%
Laos Budistas Theravada
13%
Lesoto Católicos
13%
Seychelles Católicos
13%
Sudán del Sur Católicos
13%
Trinidad y Tobago Católicos
13%
Serbia Ortodoxos serbios
13%
Santa Lucía Católicos
12%
Timor Oriental Católicos
12%
Nepal Hinduístas
12%
Letonia Luteranos
12%
Sierra Leona Musulmanes sunitas
12%
Chipre Ortodoxos chipriotas
12%
Bután Budistas Mahayana
11%
Kiribati Católicos
11%
Palaos Católicos
11%
Papúa Nueva Guinea Católicos
11%
Suecia Luteranos
11%
Etiopía Ortodoxos etíopes
11%
Moldavia Ortodoxos rumanos
11%
Rumanía Ortodoxos rumanos
10%
Montenegro Ortodoxos serbios
10%
Omán Musulmanes Ibadíes
9%
Ucrania Ortodoxos ucranianos
9%
Sri Lanka Budistas Theravada
8%
Tailandia Budistas Theravada
8%
Tanzania Musulmanes sunitas
8%
República de Macedonia Ortodoxos serbios
8%
Madagascar Animistas
6%
Islas Salomon Anglicanos
5%
Vietnam Budistas Mahayana
5%
Kenia Protestantes
5%
República Sudafricana Evangélicos
4%
Mauricio Hinduístas
4%
Liberia Protestantes
4%
San Cristobal y Nieves Anglicanos
3%
San Vicente y las Granadinas Anglicanos
3%
República Centroafricana Animistas
3%
Bahamas Baptistas
3%
Singapur Budistas Mahayana
3%
Mongolia Budistas Tibetanos
3%
Islas Marshall Congregacionalistas
3%
Eritrea Coptos
3%
Suazilandia Evangélicos
3%
Surinam Hinduístas
3%
Jamaica Pentecostales
3%
Namibia Protestantes
3%
Ghana Carismáticos
2%
Guyana Carismáticos
2%
Nauru Congregacionalistas
2%
Fiyi Metodistas
2%
Zimbabue Pentecostales
2%
Vanuatu Presbiterianos
2%
Togo Animistas
1%
Samoa Congregacionalistas
1%
Tonga Metodistas
1%
Zambia Protestantes
1%
Tuvalu Congregacionalistas
0%
No se encontraron pruebas coincidentes
Distribución de puntuación
Porcentaje de gente con cada puntuación
Porcentaje por número respondido
Historial de tus puntuaciones
No has intentado esta prueba.